000 00325nam a2200133Ia 4500
008 191201s2007 xx 000 0 und d
082 _a005.1
_bPES
100 _aPETERS, James F
245 0 _aSoftware Engineering
260 _aN.Delhi
_bJohn Wiley and Sons
_c2007
300 _a702
650 _aB.Tech(CSE)
942 _2ddc
_cBK
999 _c1481
_d1481